Burning hope, (Record no. 51089)

MARC details
000 -LEADER
fixed length control field 00598cam a22002291 4500
001 - CONTROL NUMBER
control field ne 68004620
003 - CONTROL NUMBER IDENTIFIER
control field DLC
005 - DATE AND TIME OF LATEST TRANSACTION
control field 20260227111850.0
008 - FIXED-LENGTH DATA ELEMENTS--GENERAL INFORMATION
fixed length control field 710901s1967 ua 00011 eng
010 ## - LIBRARY OF CONGRESS CONTROL NUMBER
LC control number ne 68004620 //r942
025 ## - OVERSEAS ACQUISITION NUMBER
Overseas acquisition number PL480: UAR-9168
040 ## - CATALOGING SOURCE
Original cataloging agency DLC
Transcribing agency DLC
Modifying agency DLC
050 00 - LIBRARY OF CONGRESS CALL NUMBER
Classification number PZ4.N12
Item number Bu
Classification number PR6064.A2
082 00 - DEWEY DECIMAL CLASSIFICATION NUMBER
Classification number 823
100 10 - MAIN ENTRY--PERSONAL NAME
Personal name Hart, Vada.
245 10 - TITLE STATEMENT
Title Burning hope,
Statement of responsibility, etc. by Vada Hart Nabky.
260 0# - PUBLICATION, DISTRIBUTION, ETC.
Place of publication, distribution, etc. Cairo,
Name of publisher, distributor, etc. Arab Writer
Date of publication, distribution, etc. [1967]
300 ## - PHYSICAL DESCRIPTION
Extent 199 p.
Dimensions 20 cm.
350 ## - PRICE (NR) (BK AM CF MU VM SE) [OBSOLETE]
Price 0.60
650 #0 - SUBJECT ADDED ENTRY--TOPICAL TERM
Topical term or geographic name entry element Israel-Arab War, 1948-1949
General subdivision Fiction.
655 #7 - INDEX TERM--GENRE/FORM
Genre/form data or focus term War stories.
Source of term gsafd

No items available.

Powered by Koha